[Event "AUTO-ADV-1568"]
[Site "http://www.queenalice.com/game.php?id=695934"]
[Date "2009.12.10"]
[Round "1"]
[White "windlazy"]
[Black "Andre_Mendes"]
[Result "1-0"]
[WhiteElo "1767"]
[BlackElo "1569"]

1. d4 d5 2. c4 dxc4 3. e4 e6 4. Bxc4 Bb4+ 5. Nc3 Nc6 6. Ne2 Bxc3+ 7. Nxc3 Qxd4
8. Qxd4 Nxd4 9. Bd3 b6 10. e5 c5 11. Be3 a6 12. Bxd4 cxd4 13. Ne2 Bb7 14. O-O
O-O-O 15. Rfc1+ Kb8 16. Rc4 f6 17. exf6 Nxf6 18. Rxd4 Rxd4 19. Nxd4 Rd8 20. Nxe6
Rxd3 21. Nxg7 Rd2 22. b3 Ne4 23. f3 Nc3 24. a3 Rd1+ 25. Rxd1 Nxd1 26. Nf5 a5 27.
Kf1 Bd5 28. b4 a4 29. Nd4 Ne3+ 30. Kf2 1-0

[Event "AUTO-ADV-1568"]
[Site "http://www.queenalice.com/game.php?id=695935"]
[Date "2009.12.10"]
[Round "1"]
[White "Andre_Mendes"]
[Black "windlazy"]
[Result "0-1"]
[WhiteElo "1561"]
[BlackElo "1775"]

1. e4 c5 2. Nf3 Nc6 3. Bb5 Nf6 4. Bxc6 bxc6 5. d3 g6 6. O-O Bg7 7. c4 O-O 8.
Nbd2 d5 9. exd5 cxd5 10. h3 Bf5 11. Nb3 Rc8 12. Bf4 Nh5 13. Qd2 Nxf4 14. Qxf4
Bxd3 15. Rfd1 Bxc4 16. Ne5 Qd6 17. Nd3 Qxf4 18. Nxf4 Bxb2 19. Rab1 Bxb3 20. axb3
Be5 21. Nxd5 Rfe8 22. Re1 Bf6 23. Nxf6+ exf6 24. Rxe8+ Rxe8 25. Rc1 Rc8 26. b4
c4 27. f3 f5 28. Kf2 f4 29. Ra1 c3 0-1

[Event "AUTO-ADV-1568"]
[Site "http://www.queenalice.com/game.php?id=695940"]
[Date "2009.12.10"]
[Round "1"]
[White "bigbem"]
[Black "Andre_Mendes"]
[Result "1-0"]
[WhiteElo "1597"]
[BlackElo "1724"]

1. e4 e5 2. Nf3 d6 3. h3 Nc6 4. Bb5 Nf6 5. d3 g6 6. Bxc6+ bxc6 7. Nc3 Bb7 8. O-O
Qe7 9. Bg5 O-O-O 10. g4 d5 11. exd5 cxd5 12. Nb5 Kb8 13. Qe2 e4 14. dxe4 dxe4
15. Bxf6 Qxf6 16. Nfd4 Bc5 17. c3 Bxd4 18. Nxd4 Rde8 19. Qe3 c5 20. Nb5 Ba6 21.
Qxc5 Qb6 22. Qxb6+ axb6 23. a4 Rd8 24. Rfd1 Bxb5 25. axb5 f6 26. Rxd8+ Rxd8 27.
Ra6 Kb7 28. c4 f5 29. g5 Rd2 30. b4 1-0

[Event "AUTO-ADV-1568"]
[Site "http://www.queenalice.com/game.php?id=695941"]
[Date "2009.12.10"]
[Round "1"]
[White "Andre_Mendes"]
[Black "bigbem"]
[Result "0-1"]
[WhiteElo "1703"]
[BlackElo "1618"]

1. e4 e5 2. Nf3 d6 3. Nc3 c6 4. Bc4 h6 5. O-O Bg4 6. h3 Bh5 7. d3 Qf6 8. g4 Bg6
9. g5 Qe7 10. b4 b5 11. Bb3 Na6 12. a3 h5 13. h4 Qd7 14. Nh2 Qh3 15. Qf3 Qxf3
16. Nxf3 Ne7 17. Be3 Rc8 18. Bxa7 c5 19. Nxb5 Nc6 20. Nxd6+ Bxd6 21. bxc5 Bc7
22. Bb6 Bxb6 23. cxb6 Nc5 24. Bd5 Nb7 25. Bxc6+ Rxc6 26. Nxe5 Re6 27. Nxg6 Rxg6
28. Rab1 Kd7 29. a4 Na5 30. Rb5 Nc6 0-1

[Event "AUTO-OPEN-1811"]
[Site "http://www.queenalice.com/game.php?id=702791"]
[Date "2009.12.24"]
[Round "1"]
[White "TheBigSid"]
[Black "Andre_Mendes"]
[Result "1-0"]
[WhiteElo "2218"]
[BlackElo "1771"]

1. d4 d5 2. c4 dxc4 3. e4 e5 4. d5 c6 5. Bxc4 Bb4+ 6. Nc3 Bxc3+ 7. bxc3 b5 8.
Bb3 Nf6 9. Bg5 h6 10. Bxf6 Qxf6 11. Nf3 Bg4 12. O-O Bxf3 13. Qxf3 Qxf3 14. gxf3
cxd5 15. Bxd5 Nd7 16. Bxa8 Ke7 17. Bd5 Rc8 18. Rac1 Nb6 19. Rfd1 Nxd5 20. Rxd5
b4 21. Rxe5+ Kf6 22. Rb5 bxc3 23. Rb3 c2 24. Rb2 g5 25. Rbxc2 Rxc2 26. Rxc2 Ke5
27. Kg2 Kf4 28. Rc5 h5 29. Rf5# 1-0

[Event "AUTO-OPEN-1811"]
[Site "http://www.queenalice.com/game.php?id=702792"]
[Date "2009.12.24"]
[Round "1"]
[White "Andre_Mendes"]
[Black "TheBigSid"]
[Result "0-1"]
[WhiteElo "1726"]
[BlackElo "2238"]

1. e4 e6 2. d4 d5 3. exd5 exd5 4. Nc3 Nf6 5. Bg5 Bb4 6. Qf3 O-O 7. Bxf6 gxf6 8.
a3 Re8+ 9. Be2 Bxc3+ 10. Qxc3 Bf5 11. O-O-O c6 12. g4 Bg6 13. f4 Be4 14. Bf3 Qd6
15. Re1 Qxf4+ 16. Qe3 Qxe3+ 17. Rxe3 Nd7 18. Bxe4 dxe4 19. Ne2 Nb6 20. b3 Nd5
21. Rg3 Re7 22. c4 Nc7 23. g5 fxg5 24. Rxg5+ Kf8 25. Nc3 f6 26. Rg2 Rd8 27. Rd1
Kf7 28. a4 Rg8 29. Rxg8 Kxg8 30. Rf1 Kg7 31. Kd2 Kg6 32. Ke3 f5 33. b4 a6 34.
Kf4 Kf6 35. h4 Rg7 36. h5 Ne6+ 37. Ke3 Rg3+ 0-1

[Event "AUTO-OPEN-1811"]
[Site "http://www.queenalice.com/game.php?id=702817"]
[Date "2009.12.24"]
[Round "1"]
[White "karpano"]
[Black "Andre_Mendes"]
[Result "1-0"]
[WhiteElo "1781"]
[BlackElo "1755"]

1. d4 d5 2. c4 dxc4 3. e3 Nc6 4. Bxc4 e6 5. Nf3 Nf6 6. Nc3 Bb4 7. Bd2 O-O 8. O-O
a6 9. Qc2 b5 10. Bd3 Bb7 11. Rac1 Nd5 12. Bxh7+ Kh8 13. Be4 f5 14. Bd3 Bxc3 15.
Bxc3 Ncb4 16. Bxb4 Nxb4 17. Qb3 Nxd3 18. Qxd3 Bxf3 19. gxf3 e5 20. d5 Rc8 21.
Kh1 c6 22. d6 Qd7 23. Rg1 Rcd8 24. Rg5 Qxd6 25. Rh5+ Kg8 26. Qb3+ Rf7 27. Rxf5
Qg6 28. e4 Rd2 29. Rg1 Qxf5 30. exf5 Rxf2 31. f6 Kf8 32. fxg7+ Rxg7 33. Rxg7
Kxg7 34. Qe3 Rxb2 35. Qxe5+ 1-0

[Event "AUTO-OPEN-1811"]
[Site "http://www.queenalice.com/game.php?id=702818"]
[Date "2009.12.24"]
[Round "1"]
[White "Andre_Mendes"]
[Black "karpano"]
[Result "0-1"]
[WhiteElo "1740"]
[BlackElo "1796"]

1. e4 c5 2. Nf3 d6 3. Bc4 Nf6 4. d3 Nc6 5. d4 cxd4 6. Nxd4 e6 7. Bg5 Qa5+ 8. Qd2
Qxd2+ 9. Nxd2 Nxd4 10. c3 Nc2+ 11. Kd1 Nxa1 12. Nf3 Be7 13. Kd2 O-O 14. Rxa1 Bd7
15. Kd3 a6 16. h3 Rac8 17. b3 b5 18. Bxb5 Bxb5+ 19. c4 Bc6 20. Bxf6 Bxf6 21. Rd1
h6 22. Ke3 Bg5+ 23. Nxg5 hxg5 24. Rxd6 Rfd8 25. Rxd8+ Rxd8 26. g3 f5 27. exf5
exf5 28. f4 gxf4+ 29. gxf4 Rd1 30. a3 Kf7 31. Ke2 Rb1 32. b4 Ke6 33. Kd3 Rb3+
34. Kc2 Rxa3 0-1

[Event "AUTO-OPEN-1811"]
[Site "http://www.queenalice.com/game.php?id=702835"]
[Date "2009.12.24"]
[Round "1"]
[White "Andre_Mendes"]
[Black "stevelco"]
[Result "0-1"]
[WhiteElo "1590"]
[BlackElo "1791"]

1. e4 c6 2. d4 d5 3. e5 Bf5 4. g4 Bd7 5. h3 e6 6. a3 c5 7. c3 Nc6 8. Nf3 c4 9.
Bg2 Nge7 10. O-O Ng6 11. b3 cxb3 12. Qxb3 Na5 13. Qc2 Qc7 14. a4 Nc4 15. Nfd2
Rc8 16. Nxc4 Qxc4 17. Na3 Qxc3 18. Qxc3 Rxc3 19. Nb5 Rc4 0-1

[Event "AUTO-OPEN-1811"]
[Site "http://www.queenalice.com/game.php?id=702836"]
[Date "2009.12.24"]
[Round "1"]
[White "stevelco"]
[Black "Andre_Mendes"]
[Result "1-0"]
[WhiteElo "1805"]
[BlackElo "1590"]

1. e4 e5 2. Bc4 Nf6 3. d3 h6 4. Nc3 Bb4 5. Ne2 d6 6. O-O a6 7. Bd2 b5 8. Bb3 Bb7
9. Kh1 c6 10. f4 exf4 11. Bxf4 Bxc3 12. Nxc3 b4 13. Ne2 c5 14. Ng3 O-O 15. Qf3
d5 16. e5 Ne8 17. c3 1-0

[Event "AUTO-INT-1505"]
[Site "http://www.queenalice.com/game.php?id=718406"]
[Date "2010.1.22"]
[Round "2"]
[White "catfishcore"]
[Black "Andre_Mendes"]
[Result "1-0"]
[WhiteElo "1626"]
[BlackElo "1621"]

1. d4 d5 2. Nc3 e6 3. g3 Bb4 4. Bd2 Nf6 5. Bg2 Nc6 6. Nf3 O-O 7. O-O h6 8. a3
Bxc3 9. Bxc3 b6 10. Qc1 Bb7 11. h3 1-0

[Event "AUTO-INT-1505"]
[Site "http://www.queenalice.com/game.php?id=718407"]
[Date "2010.1.22"]
[Round "2"]
[White "Andre_Mendes"]
[Black "catfishcore"]
[Result "0-1"]
[WhiteElo "1605"]
[BlackElo "1642"]

1. e4 e6 2. d4 d5 3. exd5 Qxd5 4. Nc3 Qd8 5. a3 a6 6. Nf3 h6 7. g3 Nc6 8. Bg2
Nf6 9. h4 Bd6 10. O-O Bd7 0-1